Primátor má opičku Prvé zvieratá v ZOO vlani vyzbierali 183 843 korún

Bibliographic Details
Main Author: lia (Author)
Corporate Author: Zoologická záhrada (Košice, Slovensko) (Author)
Format: Article
Language:Slovak
PhysicalDescription:1 obr.
Subjects:

MARC

LEADER 00000nab a2200000 a 4500
001 vtls000908526
003 SK-MaSNL
005 20260302172611.0
008 040720e20020215xo 0 slo
035 |a KE17459 
040 |a KEVKJB  |b slo  |c KEVKJB  |e AACR2 
041 0 |a slo 
044 |a xo  |c SK 
080 |a 791.8  |2 1981 
100 0 |a lia  |4 aut  |9 873412 
245 1 0 |a Primátor má opičku  |b Prvé zvieratá v ZOO vlani vyzbierali 183 843 korún 
300 |b 1 obr. 
610 2 7 |a Zoologická záhrada (Košice, Slovensko)   |2 KEVKJB  |9 31695 
610 2 7 |a Zoologická záhrada (Košice, Slovensko)   |2 KEVKJB  |9 31695 
650 0 7 |a adoptívni rodičia   |2 KEVKJB  |9 49724 
650 0 7 |a informácie  |2 KEVKJB  |9 1285 
651 7 |a Košice (Slovensko)  |2 KEVKJB  |9 18694 
651 7 |a KE,  |2 KEVKJB  |9 877256 
655 7 |a periodikum  |2 snkbucl  |9 29553 
710 2 |a Zoologická záhrada (Košice, Slovensko)   |4 aut  |9 31695 
773 0 8 |t Košický večer  |g Roč. 13  |g Roč. 34, č.33, 15.2.2002, s. 1 
852 |a ZVYKNI  |b KIS3GCP 
999 |c 1399217  |d 1401147